| 000 | 00390 a2200145 4500 | ||
|---|---|---|---|
| 999 |
_c5438 _d5438 |
||
| 020 | _a9789982012867 | ||
| 050 | _aTJ 807 NYO 1999 | ||
| 100 |
_aNyoroh, A.D.K _eauthor |
||
| 245 |
_aRenewable energy conservation / _cA.D.K. Nyoroh |
||
| 264 |
_aZambia: _bUNESCO, _c1999 |
||
| 300 |
_a56p.: _bill.(col.) |
||
| 500 | _aNo index | ||
| 650 | _aEnergy conservation | ||
| 942 |
_2lcc _cBK _h807 _iNYO _k1999 |
||